| Tag |
First Indicator |
Second Indicator |
Subfields |
| LEADER |
00000cam a2200000 a 4500 |
| 001 |
in00000078845 |
| 005 |
20151008053937.0 |
| 008 |
800310m19799999enka b 00100 engm |
| 010 |
|
|
|a 80454955
|
| 015 |
|
|
|a GB***
|
| 020 |
|
|
|a 0851865704 (v. 1)
|
| 035 |
|
|
|a (OCoLC)06145425
|
| 035 |
|
|
|9 AAH9140AM
|
| 040 |
|
|
|a DLC
|c DLC
|d m.c.
|d TXA
|d UtOrBLW
|
| 049 |
|
|
|a TXAM
|v 1 [1560923]
|
| 050 |
0 |
0 |
|a QP531
|b .I56
|
| 082 |
0 |
|
|a 574.19/21
|
| 245 |
0 |
0 |
|a Inorganic biochemistry /
|c senior reporter, H.A.O. Hill, reporters J.V. Bannister [and others].
|
| 264 |
|
1 |
|a London :
|b Chemical Society,
|c [1979-]
|
| 264 |
|
4 |
|c ©1979-
|
| 300 |
|
|
|a volumes :
|b illustrations ;
|c 22 cm.
|
| 336 |
|
|
|a text
|b txt
|2 rdacontent
|
| 337 |
|
|
|a unmediated
|b n
|2 rdamedia
|
| 338 |
|
|
|a volume
|b nc
|2 rdacarrier
|
| 490 |
1 |
|
|a Specialist periodical report,
|x 0142-9698
|
| 504 |
|
|
|a Includes bibliographical references and index.
|
| 505 |
0 |
|
|a v. 1. A review of recent literature published up to late 1977.
|
| 650 |
|
0 |
|a Biochemistry.
|
| 650 |
|
0 |
|a Chemistry, Inorganic.
|
| 700 |
1 |
|
|a Hill, H. A. O.
|q (Hugh Allen Oliver)
|
| 830 |
|
0 |
|a Specialist periodical report.
|
| 999 |
|
|
|a MARS
|
| 999 |
f |
f |
|s 64a3043f-8dd4-37d7-a2c9-2d32c3050ac3
|i bfc1acbc-4e8e-3096-a3de-1185844850c0
|t 0
|
| 952 |
f |
f |
|p ric
|a Texas A&M University
|b Rellis Campus
|c Joint Library Facility
|d Remote Storage
|t 0
|e QP531 .I56
|h Library of Congress classification
|i unmediated -- volume
|m A14806224780
|
| 998 |
f |
f |
|a QP531 .I56
|s v1
|t 0
|l Remote Storage
|